| 000 | 01772 a2200409 4500 | ||
|---|---|---|---|
| 001 | 200421780 | ||
| 111 |
_9105526 _aTürk Dünyası Bilgeler Zirvesi: Gönül Sultanları Buluşması _d(26-28 Mayıs 2014 : _cEskişehir) |
||
| 999 |
_c200421780 _d25511 |
||
| 003 | TR-AnTOB | ||
| 005 | 20240916095406.0 | ||
| 008 | 150411s2014 tu 000 0 | ||
| 020 | _a9786051496733 (volume III) | ||
| 020 | _a9786051496726 (volume II) | ||
| 020 | _a9786051496719 (volume I) | ||
| 020 | _a9786051496702 (takım) | ||
| 040 |
_aTR-AnTOB _btur _erda |
||
| 041 | _atur | ||
| 050 |
_aBP175 _b.T87 2014 |
||
| 090 | _aBP175 .T87 2014 | ||
| 245 | 0 |
_aTürk Dünyası Bilgeler Zirvesi : _bGönül Sultanları Buluşması (26-28 Mayıs 2014) bildiriler / _ceditör Ejder Okumuş, proje koordinatörü İbrahim Akgün. |
|
| 264 |
_aEskişehir: _bTürk Dünyası Kültür Başkenti Ajansı Yayınları, _c2014 |
||
| 300 |
_a3 volume ; _c24 cm. |
||
| 336 |
_atext _2rdacontent |
||
| 337 |
_aunmediated _2rdamedia |
||
| 338 |
_avolume _2rdacarrier |
||
| 504 | _aIncludes bibliographical references | ||
| 505 | _aI.Bilgeler -- II.Bilgeler ve İslam -- III.Bilgeler ve günümüz sorunları -- IV.Tasavvuf -- V.İrfan, kültür ve medeniyet -- VI.İnsan, toplum -- VII.Adalet ve siyaset -- VIII.Felsefe, bilim, ahlak ve eğitim -- IX.Dil ve edebiyat. | ||
| 650 | 7 |
_aKişilik _xDini yönleri _xİslam _2etuturkob _9105527 |
|
| 650 | 0 |
_aPersonality _xReligious aspects _xIslam _9105528 |
|
| 650 | 0 |
_aIslam _vBiography _vCongresses _9105530 |
|
| 650 | 0 |
_aİslam _vBiyografi _vKongreler _9105529 |
|
| 700 | 1 |
_aOkumuş, Ejder _9105523 |
|
| 700 | 1 |
_aAkgün, İbrahim _9105524 |
|
| 710 | 2 |
_aEskişehir İli (Türkiye). _bValilik _9105525 |
|
| 710 | 1 |
_aEskişehir Osmangazi Üniversitesi _927514 |
|
| 942 | _cBK | ||